<?xml version="1.0" encoding="UTF-8"?>
<record
    xmlns:xsi="http://www.w3.org/2001/XMLSchema-instance"
    xsi:schemaLocation="http://www.loc.gov/MARC21/slim http://www.loc.gov/standards/marcxml/schema/MARC21slim.xsd"
    xmlns="http://www.loc.gov/MARC21/slim">

  <leader>01362nam0a22003371  4500</leader>
  <controlfield tag="001">v19\rc\1858056</controlfield>
  <controlfield tag="005">20251118180142.2</controlfield>
  <datafield tag="035" ind1=" " ind2=" ">
    <subfield code="a">(NLR Aleph) 004951993</subfield>
  </datafield>
  <datafield tag="090" ind1=" " ind2=" ">
    <subfield code="a">5892491</subfield>
    <subfield code="c">5892491</subfield>
  </datafield>
  <datafield tag="100" ind1=" " ind2=" ">
    <subfield code="a">20080221d1909    u  y0rusy50      ca</subfield>
  </datafield>
  <datafield tag="101" ind1="0" ind2=" ">
    <subfield code="a">rus</subfield>
  </datafield>
  <datafield tag="102" ind1=" " ind2=" ">
    <subfield code="a">RU</subfield>
  </datafield>
  <datafield tag="105" ind1=" " ind2=" ">
    <subfield code="a">a   z   |||||</subfield>
  </datafield>
  <datafield tag="200" ind1="1" ind2=" ">
    <subfield code="a">&#x41E;&#x441;&#x430;&#x434;&#x430; &#x421;&#x432;&#x44F;&#x442;&#x43E;-&#x422;&#x440;&#x43E;&#x438;&#x446;&#x43A;&#x438;&#x435; &#x421;&#x435;&#x440;&#x433;&#x438;&#x435;&#x432;&#x44B; &#x43B;&#x430;&#x432;&#x440;&#x44B; &#x43F;&#x43E;&#x43B;&#x44C;&#x441;&#x43A;&#x438;&#x43C;&#x438; &#x438; &#x43B;&#x438;&#x442;&#x43E;&#x432;&#x441;&#x43A;&#x438;&#x43C;&#x438; &#x432;&#x43E;&#x439;&#x441;&#x43A;&#x430;&#x43C;&#x438; &#x43F;&#x43E;&#x434; &#x43F;&#x440;&#x435;&#x434;&#x432;&#x43E;&#x434;&#x438;&#x442;&#x435;&#x43B;&#x44C;&#x441;&#x442;&#x432;&#x43E;&#x43C; &#x41B;&#x438;&#x441;&#x43E;&#x432;&#x441;&#x43A;&#x43E;&#x433;&#x43E; &#x438; &#x421;&#x430;&#x43F;&#x435;&#x433;&#x438;</subfield>
    <subfield code="e">(&#x41F;&#x43E; &#x43F;&#x43E;&#x432;&#x43E;&#x434;&#x443; &#x438;&#x441;&#x43F;&#x43E;&#x43B;&#x43D;&#x438;&#x432;&#x448;&#x435;&#x433;&#x43E;&#x441;&#x44F; &#x442;&#x440;&#x435;&#x445;&#x441;&#x43E;&#x442;&#x43B;&#x435;&#x442;&#x438;&#x44F; &#x441;&#x43D;&#x44F;&#x442;&#x438;&#x44F; &#x43E;&#x441;&#x430;&#x434;&#x44B; 1610-1910)</subfield>
  </datafield>
  <datafield tag="210" ind1=" " ind2=" ">
    <subfield code="c">&#x421;&#x432;&#x44F;&#x442;&#x43E;-&#x422;&#x440;&#x43E;&#x438;&#x446;&#x43A;&#x430;&#x44F; &#x421;&#x435;&#x440;&#x433;&#x438;&#x435;&#x432;&#x430; &#x43B;&#x430;&#x432;&#x440;&#x430;, &#x441;&#x43E;&#x431;&#x441;&#x442;&#x432;. &#x442;&#x438;&#x43F;.</subfield>
    <subfield code="d">1909</subfield>
  </datafield>
  <datafield tag="215" ind1=" " ind2=" ">
    <subfield code="a">62 &#x441;.</subfield>
    <subfield code="c">&#x438;&#x43B;.</subfield>
    <subfield code="d">17</subfield>
  </datafield>
  <datafield tag="702" ind1=" " ind2="1">
    <subfield code="4">570</subfield>
    <subfield code="7">ca</subfield>
    <subfield code="8">rus</subfield>
    <subfield code="a">&#x421;&#x430;&#x43F;&#x435;&#x433;&#x430;</subfield>
    <subfield code="b">&#x41B;. &#x418;.</subfield>
    <subfield code="f">1557-1633</subfield>
    <subfield code="g">&#x41B;&#x435;&#x432; &#x418;&#x432;&#x430;&#x43D;&#x43E;&#x432;&#x438;&#x447;</subfield>
    <subfield code="9">208417</subfield>
    <subfield code="3">RU\NLR\AUTH\770208471</subfield>
  </datafield>
  <datafield tag="702" ind1=" " ind2="1">
    <subfield code="a">&#x41B;&#x438;&#x441;&#x43E;&#x432;&#x441;&#x43A;&#x438;&#x439;</subfield>
    <subfield code="b">&#x41B;.&#x418;.</subfield>
    <subfield code="f">1557-1633</subfield>
    <subfield code="g">&#x41B;&#x435;&#x432; &#x418;&#x432;&#x430;&#x43D;&#x43E;&#x432;&#x438;&#x447;</subfield>
    <subfield code="4">570</subfield>
  </datafield>
  <datafield tag="712" ind1="0" ind2="2">
    <subfield code="a">&#x422;&#x440;&#x43E;&#x438;&#x446;&#x435;-&#x421;&#x435;&#x440;&#x433;&#x438;&#x435;&#x432;&#x441;&#x43A;&#x430;&#x44F; &#x43B;&#x430;&#x432;&#x440;&#x430;</subfield>
  </datafield>
  <datafield tag="801" ind1=" " ind2="0">
    <subfield code="a">RU</subfield>
    <subfield code="b">NLR</subfield>
    <subfield code="g">psbo</subfield>
  </datafield>
  <datafield tag="801" ind1=" " ind2="0">
    <subfield code="a">RU</subfield>
    <subfield code="b">RuMoRGB</subfield>
    <subfield code="2">psbo</subfield>
  </datafield>
  <datafield tag="801" ind1=" " ind2="1">
    <subfield code="a">RU</subfield>
    <subfield code="b">ProSoft-M</subfield>
    <subfield code="2">rusmarc</subfield>
  </datafield>
  <datafield tag="852" ind1=" " ind2=" ">
    <subfield code="a">NLR</subfield>
    <subfield code="j">18.279.8.122</subfield>
  </datafield>
  <datafield tag="899" ind1=" " ind2=" ">
    <subfield code="a">RuMoRGB</subfield>
    <subfield code="j">W 525/1398</subfield>
  </datafield>
  <datafield tag="899" ind1=" " ind2=" ">
    <subfield code="a">RuMoRGB</subfield>
    <subfield code="j">W 525/1397</subfield>
  </datafield>
  <datafield tag="899" ind1=" " ind2=" ">
    <subfield code="a">&#x411;&#x410;&#x41D;</subfield>
  </datafield>
  <datafield tag="899" ind1=" " ind2=" ">
    <subfield code="a">&#x41D;&#x411; &#x421;&#x41F;&#x431;&#x413;&#x423;</subfield>
  </datafield>
  <datafield tag="899" ind1=" " ind2=" ">
    <subfield code="a">&#x413;&#x41F;&#x418;&#x411;</subfield>
  </datafield>
  <datafield tag="942" ind1=" " ind2=" ">
    <subfield code="c">BOOK</subfield>
  </datafield>
  <datafield tag="980" ind1=" " ind2=" ">
    <subfield code="a">NB</subfield>
  </datafield>
  <datafield tag="995" ind1=" " ind2=" ">
    <subfield code="5">2013-10-26</subfield>
    <subfield code="b">NLR02</subfield>
    <subfield code="c">NLR02</subfield>
    <subfield code="e">RFS</subfield>
    <subfield code="f">4951993-10</subfield>
    <subfield code="k">18.279.8.122</subfield>
    <subfield code="o">0</subfield>
    <subfield code="r">BOOK</subfield>
    <subfield code="s">182798122_</subfield>
  </datafield>
  <datafield tag="995" ind1=" " ind2=" ">
    <subfield code="5">2013-10-26</subfield>
    <subfield code="b">NLR01</subfield>
    <subfield code="c">NLR01</subfield>
    <subfield code="e">TEMP</subfield>
    <subfield code="f">4951993-40</subfield>
    <subfield code="o">0</subfield>
    <subfield code="r">BOOK</subfield>
  </datafield>
  <datafield tag="995" ind1=" " ind2=" ">
    <subfield code="5">2013-10-26</subfield>
    <subfield code="b">NLR01</subfield>
    <subfield code="c">NLR01</subfield>
    <subfield code="e">TEMP</subfield>
    <subfield code="f">4951993-50</subfield>
    <subfield code="o">0</subfield>
    <subfield code="r">BOOK</subfield>
  </datafield>
  <datafield tag="995" ind1=" " ind2=" ">
    <subfield code="5">2013-10-26</subfield>
    <subfield code="b">NLR01</subfield>
    <subfield code="c">NLR01</subfield>
    <subfield code="e">TEMP</subfield>
    <subfield code="f">4951993-60</subfield>
    <subfield code="o">0</subfield>
    <subfield code="r">BOOK</subfield>
  </datafield>
</record>
